000 00350nam a2200145Ia 4500
008 230917s9999||||xx |||||||||||||| ||und||
040 _e137810
_aMAIN
041 _aEnglish
082 _a658.8 C266L
100 _aICFAI
245 0 _aCase studies on marketing strategy v.1
260 _aHyderabad
_bICFAI
_c2007
300 _a291p p.
942 _cBK
999 _c143645
_d143645